<?xml version="1.0" encoding="UTF-8"?><?xml-stylesheet type="text/xsl" href="static/style.xsl"?><OAI-PMH xmlns="http://www.openarchives.org/OAI/2.0/" xmlns:xsi="http://www.w3.org/2001/XMLSchema-instance" xsi:schemaLocation="http://www.openarchives.org/OAI/2.0/ http://www.openarchives.org/OAI/2.0/OAI-PMH.xsd"><responseDate>2026-04-14T05:46:18Z</responseDate><request verb="GetRecord" identifier="oai:www.recercat.cat:2072/407844" metadataPrefix="marc">https://recercat.cat/oai/request</request><GetRecord><record><header><identifier>oai:recercat.cat:2072/407844</identifier><datestamp>2025-04-27T00:48:09Z</datestamp><setSpec>com_2072_98</setSpec><setSpec>col_2072_378192</setSpec></header><metadata><record xmlns="http://www.loc.gov/MARC21/slim" xmlns:dcterms="http://purl.org/dc/terms/" xmlns:xsi="http://www.w3.org/2001/XMLSchema-instance" xmlns:doc="http://www.lyncode.com/xoai" xsi:schemaLocation="http://www.loc.gov/MARC21/slim http://www.loc.gov/standards/marcxml/schema/MARC21slim.xsd">
   <leader>00925njm 22002777a 4500</leader>
   <datafield ind2=" " ind1=" " tag="042">
      <subfield code="a">dc</subfield>
   </datafield>
   <datafield ind2=" " ind1=" " tag="720">
      <subfield code="a">Cubells Serra, Jenny</subfield>
      <subfield code="e">author</subfield>
   </datafield>
   <datafield ind2=" " ind1=" " tag="720">
      <subfield code="a">Calsamiglia Madurga, Andrea</subfield>
      <subfield code="e">author</subfield>
   </datafield>
   <datafield ind2=" " ind1=" " tag="260">
      <subfield code="c">2015</subfield>
   </datafield>
   <datafield ind2=" " ind1=" " tag="520">
      <subfield code="a">El presente artículo analiza la relación existente entre el repertorio interpretativo del amor romántico y la violencia machista. Se realizaron ocho relatos de vida con jóvenes de entre 25 y 35 años (3 chicos y 5 chicas), centrados en sus relaciones erótico-afectivas. Se recurrió al análisis del discurso, concretamente al de los repertorios interpretativos. Esta aproximación ha permitido identificar, caracterizar y analizar el repertorio interpretativo del amor romántico cuyos resultados orientan las formas adecuadas de sentir, favoreciendo las relaciones heterosexuales, románticas, monógamas y duraderas, que constituyen la base del patriarcado, generando las condiciones de posibilidad para la aparición y mantenimiento de la violencia machista</subfield>
   </datafield>
   <datafield ind2=" " ind1=" " tag="520">
      <subfield code="a">The present article analyzes the relationship between the interpretative repertoire of romantic love and gender violence. We conducted eight life stories with young people between 25 and 35 years old (3 boys and 5 girls), focused on their relationships. We have resorted to discourse analysis, specifically the analysis of interpretative repertoires. This approach has allowed us to identify, characterize and analyze the interpretative repertoire of romantic love. The results show how romantic love's interpretative repertoire guides to appropriate ways of feeling, helping heterosexual, romantic, monogamous and long lasting relationships that are the basis for patriarchy, generating the conditions of possibility for the emergence and maintenance of gender violence</subfield>
   </datafield>
   <datafield tag="653" ind2=" " ind1=" ">
      <subfield code="a">Amor romántico</subfield>
   </datafield>
   <datafield tag="653" ind2=" " ind1=" ">
      <subfield code="a">Violencia machista</subfield>
   </datafield>
   <datafield tag="653" ind2=" " ind1=" ">
      <subfield code="a">Análisis del discurso</subfield>
   </datafield>
   <datafield tag="653" ind2=" " ind1=" ">
      <subfield code="a">Gender violence</subfield>
   </datafield>
   <datafield tag="653" ind2=" " ind1=" ">
      <subfield code="a">Interpretative repertories</subfield>
   </datafield>
   <datafield tag="653" ind2=" " ind1=" ">
      <subfield code="a">Metaphors</subfield>
   </datafield>
   <datafield tag="653" ind2=" " ind1=" ">
      <subfield code="a">Romantic love</subfield>
   </datafield>
   <datafield ind2="0" ind1="0" tag="245">
      <subfield code="a">El repertorio del amor romántico y las condiciones de posibilidad para la violencia machista</subfield>
   </datafield>
</record></metadata></record></GetRecord></OAI-PMH>